01838nam a22002297a 4500003000200000005001700002020001800019082001700037100003100054100001500085100001600100245006300116260003100179300000800210520117800218600002601396650003001422650002001452942000701472952011001479999001901589020260402125649.0 a9788198188328 aCS 387.7 MOH aMohanka, Shiv Kumar918738 cIPS917739 d1992918739 aAbove and beyond : exploring the amazing world of aviation aChennaibJuris Pressc2025 a454 aDive into the fascinating world of modern aviation with 'Above and Beyond', a comprehensive guide that unveils the intricate workings of the flight industry. Author Shiv Kumar Mohanka masterfully explores crucial aspects including air traffic control systems, airline operations management, and contemporary airport design principles. This enlightening book delves deep into the strategic challenges of fleet management, weather forecasting's critical role, and the delicate balance between operational efficiency and passenger comfort. Whether you're an aviation professional seeking to broaden your knowledge, a student pursuing a career in aerospace, or simply an enthusiast captivated by the marvel of flight, this book offers valuable insights into the technological advancements and operational complexities that keep our skies busy. From ground operations to in-flight services, discover how various elements harmoniously work together in the dynamic aviation ecosystem. Published by Juris Press, this authoritative volume presents a thorough examination of modern aviation's multifaceted nature, making it an essential addition to any aviation enthusiast's library. cCivil services918740 aAir Transportation918741 aAviation918742 cDB 00104070aLBSNAAbLBSNAAd2026-04-02g650.00l0oCS 387.7 MOHp173413r2026-04-02w2026-04-02yDB0x2 c360709d360709